Economic development with special reference to East Asia: proceedings of a conference held by the International Economic Association

Saved in:
Bibliographic Details
Main Author: Berrill, Kenneth (Author)
Format: Book
Language:English
Published: Nueva York St. Martin's Press 1964
Subjects:
Tags: Add Tag
No Tags, Be the first to tag this record!

MARC

LEADER 00000nam a2200000 a 4500
001 UCQ0941
003 CL-VaPUC
008 980703e19640000US |||||||||||||||||eng|d
082 0 4 |a 338.95  |b BER  |2 21 
100 0 |a Berrill, Kenneth  |e author  |9 414402 
245 1 0 |a Economic development with special reference to East Asia: proceedings of a conference held by the International Economic Association 
300 |a 434 p 
942 |c BK 
945 |d 19980703 00:00:00  |a crobeson 
260 |a Nueva York  |b St. Martin's Press  |c 1964 
650 0 |a Condiciones económicas  |9 258255 
650 0 |a Desarrollo económico y social   |9 256320 
650 0 |a Modelos económicos  |9 324997 
650 0 |a Asistencia técnica  |9 259669 
650 7 |a COMERCIO INTERNACIONAL  |2 CL-VaPUC  |9 414403 
650 7 |a POLITICA DE DESARROLLO  |2 CL-VaPUC  |9 335853 
650 0 |a Política fiscal  |9 317354 
650 7 |a POLITICA AGRARIA  |2 CL-VaPUC  |9 264314 
650 7 |a CONFERENCIAS  |2 CL-VaPUC  |9 414404 
651 0 |a Asia  |9 268338 
583 |a last modification  |c 20160914 01:28:45  |k Rodrigo Vera 
999 |c 271968  |d 271966